000 00862nam a2200253Ia 4500
003 OSt
005 20220923222204.0
006 a|||||r|||| 00| 0
007 ta
008 220922b |||||||| |||| 00| 0 hin d
024 _a203,681
037 _cTextual
040 _aARTS
_cARTS
_bhin
041 _2hin
_ahin
082 _aO157,3NSEN,1, M5
100 _aसेन, सौरीन; खरे, ममता, अनु.
_9166283
245 0 _aदिल्ली आते ही
246 _aDillī āte hī
260 _aइलाहाबाद
_b रवीन्द्र प्रका0
_c1985
300 _a181पृ.
_ccm.
650 _aबंगाली साहित्य
_9156264
942 _hO157,3NSEN,1, M5
_cTEXL
_2CC
999 _c354433
_d354433